[Event "SVK-chT1W 1718"]
[Site "Slovakia"]
[Date "2018.02.18"]
[Round "9.7"]
[White "Bottyan, Peter"]
[Black "Hacik, Radomir"]
[Result "1-0"]
[WhiteElo "2184"]
[BlackElo "2137"]
[PlyCount "135"]
[EventDate "2017.10.21"]
[EventType "team-tourn"]
[EventRounds "11"]
[EventCountry "SVK"]
[SourceTitle "EXT 2019"]
[Source "ChessBase"]
[SourceDate "2018.10.10"]
[SourceVersion "1"]
[SourceVersionDate "2018.10.10"]
[SourceQuality "1"]
[WhiteTeam "Komarno KSC"]
[BlackTeam "Bratislava Slovan III"]
[WhiteTeamCountry "SVK"]
[BlackTeamCountry "SVK"]

1. Nf3 Nf6 2. g3 g6 3. Bg2 Bg7 4. 0-0 0-0 5. c4 c6 6. Nc3 d5 7. cxd5 cxd5 8. d4 Nc6 9. Ne5 Be6 10. Nxc6 bxc6 11. Bf4 Qa5 12. Rc1 Rfc8 13. Qd2 Qa6 14. Be5 Nd7 15. Bxg7 Kxg7 16. b3 Qa5 17. Qe3 Rab8 18. Na4 Qb4 19. h4 h5 20. Rc3 Qa3 21. Qd2 Qb4 22. Rd1 f6 23. Nc5 Nxc5 24. Rxc5 Qxd2 25. Rxd2 Bd7 26. Ra5 Rc7 27. Rc2 e6 28. Rc3 Kf7 29. e4 dxe4 30. Bxe4 f5 31. Bf3 Ke7 32. d5 e5 33. dxc6 e4 34. Be2 Bxc6 35. Bb5 Rb6 36. Rxc6 Rbxc6 37. Bxc6 Rxc6 38. Rxa7+ Kf6 39. b4 Rc1+ 40. Kg2 Rc2 41. Kf1 Rb2 42. a3 Ke5 43. Re7+ Kd4 44. Rd7+ Kc4 45. Rd6 Rb3 46. Rxg6 Rxa3 47. Rf6 Rf3 48. Ke2 Kxb4 49. Rh6 Kc5 50. Rxh5 Kd6 51. Rg5 Ke6 52. h5 Ra3 53. h6 Ra2+ 54. Ke3 Ra3+ 55. Ke2 Ra2+ 56. Ke3 Ra3+ 57. Ke2 Ra2+ 58. Kf1 Ra8 59. g4 fxg4 60. Rxg4 Kf5 61. Rh4 Kg5 62. Rh3 Rh8 63. h7 Kf4 64. Ke2 Kg4 65. Rh1 Kf4 66. Rh2 Kg4 67. Ke3 Kf5 68. Rh1 1-0

[Event "SVK-chT1W 1718"]
[Site "Slovakia"]
[Date "2017.11.05"]
[Round "4.6"]
[White "Stehlik, Peter"]
[Black "Hacik, Radomir"]
[Result "0-1"]
[WhiteElo "2041"]
[BlackElo "2137"]
[PlyCount "92"]
[EventDate "2017.10.21"]
[EventType "team-tourn"]
[EventRounds "11"]
[EventCountry "SVK"]
[SourceTitle "CBM 181 Extra"]
[Source "ChessBase"]
[SourceDate "2017.12.12"]
[SourceVersion "1"]
[SourceVersionDate "2017.12.12"]
[SourceQuality "1"]
[WhiteTeam "Nitra ASK"]
[BlackTeam "Bratislava Slovan III"]
[WhiteTeamCountry "SVK"]
[BlackTeamCountry "SVK"]

1. e4 c6 2. d4 d5 3. e5 Bf5 4. Nf3 e6 5. Be2 c5 6. Be3 Qb6 7. Nc3 Qxb2 8. Qb1 Qxb1+ 9. Rxb1 c4 10. Rxb7 Nc6 11. Nb5 Rb8 12. Rxb8+ Nxb8 13. Nxa7 Bb4+ 14. Bd2 c3 15. Bb5+ Kd8 16. Bg5+ Kc7 17. Ba4 h6 18. Be3 Kb6 19. Nc8+ Ka5 20. Bb3 Ne7 21. Nxe7 Bxe7 22. 0-0 Nc6 23. Rd1 Ba3 24. Ne1 Rb8 25. h3 Bb2 26. Nd3 Bxd3 27. Rxd3 Rxb3 28. axb3 Nb4 29. Rd1 Nxc2 30. Bc1 Kb4 31. Kf1 Bxc1 32. Rxc1 Nxd4 33. Ke1 Nxb3 34. Rc2 d4 35. Ra2 d3 36. Kd1 c2+ 37. Rxc2 dxc2+ 38. Kxc2 Kc4 39. f4 Nc5 40. Kd2 Kd4 41. Ke2 Ke4 42. g3 g5 43. fxg5 hxg5 44. h4 gxh4 45. gxh4 Kxe5 46. Kf3 Kf5 0-1

[Event "SVK-chT2A 1718"]
[Site "Slovakia"]
[Date "2017.10.28"]
[Round "1.5"]
[White "Hacik, Radomir"]
[Black "Csuri, Szilveszter"]
[Result "1/2-1/2"]
[WhiteElo "2137"]
[BlackElo "1968"]
[PlyCount "54"]
[EventDate "2017.10.28"]
[EventType "team-tourn"]
[EventRounds "11"]
[EventCountry "SVK"]
[SourceTitle "EXT 2019"]
[Source "ChessBase"]
[SourceDate "2018.10.10"]
[SourceVersion "1"]
[SourceVersionDate "2018.10.10"]
[SourceQuality "1"]
[WhiteTeam "Bratislava Slovan V"]
[BlackTeam "Potonska Veza"]
[WhiteTeamCountry "SVK"]
[BlackTeamCountry "SVK"]

1. e4 e5 2. Nf3 Nc6 3. Bb5 a6 4. Ba4 Nf6 5. 0-0 Nxe4 6. Re1 Nc5 7. Bxc6 dxc6 8. d4 Ne6 9. dxe5 Qxd1 10. Rxd1 Be7 11. Be3 0-0 12. Nbd2 b6 13. Nd4 Nxd4 14. Bxd4 Rd8 15. Nf1 Be6 16. Ne3 c5 17. Bc3 Bg5 18. Re1 Rd7 19. g3 Bxe3 20. Rxe3 Rad8 21. b3 Rd1+ 22. Re1 Bg4 23. f4 Rxa1 24. Rxa1 Rd1+ 25. Kf2 Rxa1 26. Bxa1 Bf5 27. c3 Kf8 1/2-1/2

[Event "SVK-chT1W 1617"]
[Site "Slovakia"]
[Date "2017.02.25"]
[Round "8.5"]
[White "Hacik, Radomir"]
[Black "Kaniansky, Miroslav"]
[Result "1/2-1/2"]
[WhiteElo "2174"]
[BlackElo "2167"]
[PlyCount "44"]
[EventDate "2016.10.15"]
[EventType "team-tourn"]
[EventRounds "11"]
[EventCountry "SVK"]
[SourceTitle "EXT 2018"]
[Source "ChessBase"]
[SourceDate "2017.10.13"]
[SourceVersion "1"]
[SourceVersionDate "2017.10.13"]
[SourceQuality "1"]
[WhiteTeam "Bratislava Slovan III"]
[BlackTeam "Prievidza"]
[WhiteTeamCountry "SVK"]
[BlackTeamCountry "SVK"]

1. e4 e5 2. Nf3 Nc6 3. Bb5 a6 4. Ba4 Nf6 5. 0-0 Be7 6. Re1 b5 7. Bb3 d6 8. c3 0-0 9. h3 Nb8 10. d4 Nbd7 11. Nbd2 Bb7 12. a4 c5 13. Bc2 Qc7 14. Nf1 cxd4 15. cxd4 Rfc8 16. Bd3 bxa4 17. Qxa4 exd4 18. Qxd4 Ne5 19. Ng3 Qc5 20. Qxc5 Rxc5 21. Nxe5 dxe5 22. Be3 Rc6 1/2-1/2

[Event "SVK-chT2A 1617"]
[Site "Slovakia"]
[Date "2017.02.11"]
[Round "8.1"]
[White "Hacik, Radomir"]
[Black "Jablonicky, Martin"]
[Result "0-1"]
[WhiteElo "2163"]
[BlackElo "2262"]
[PlyCount "66"]
[EventDate "2016.10.08"]
[EventType "team-tourn"]
[EventRounds "11"]
[EventCountry "SVK"]
[SourceTitle "EXT 2018"]
[Source "ChessBase"]
[SourceDate "2017.10.13"]
[SourceVersion "1"]
[SourceVersionDate "2017.10.13"]
[SourceQuality "1"]
[WhiteTeam "Bratislava Slovan V"]
[BlackTeam "Sered MSK"]
[WhiteTeamCountry "SVK"]
[BlackTeamCountry "SVK"]

1. e4 e5 2. Nf3 Nc6 3. Bb5 a6 4. Ba4 Nf6 5. 0-0 Be7 6. Re1 b5 7. Bb3 d6 8. c3 0-0 9. d3 Na5 10. Bc2 c5 11. Nbd2 Re8 12. Nf1 Bf8 13. d4 cxd4 14. cxd4 Bg4 15. d5 Nb7 16. b4 a5 17. Bd3 axb4 18. Bxb5 Bd7 19. Bxd7 Qxd7 20. Bg5 Be7 21. Qd2 Nc5 22. Ng3 b3 23. Bxf6 Bxf6 24. Reb1 Ra4 25. Qd1 Rxa2 26. Nd2 Rxa1 27. Rxa1 Rb8 28. Rb1 Qb5 29. Nf5 Qd3 30. Nxd6 b2 31. Qe1 Bg5 32. N6c4 Bxd2 33. Nxd2 Na4 0-1

[Event "SVK-chT1W 1617"]
[Site "Slovakia"]
[Date "2017.01.22"]
[Round "7.5"]
[White "Macko, Miroslav"]
[Black "Hacik, Radomir"]
[Result "1-0"]
[WhiteElo "2151"]
[BlackElo "2174"]
[PlyCount "67"]
[EventDate "2016.10.15"]
[EventType "team-tourn"]
[EventRounds "11"]
[EventCountry "SVK"]
[SourceTitle "EXT 2018"]
[Source "ChessBase"]
[SourceDate "2017.10.13"]
[SourceVersion "1"]
[SourceVersionDate "2017.10.13"]
[SourceQuality "1"]
[WhiteTeam "Bratislava KSN"]
[BlackTeam "Bratislava Slovan III"]
[WhiteTeamCountry "SVK"]
[BlackTeamCountry "SVK"]

1. e4 c6 2. d4 d5 3. Nc3 dxe4 4. Nxe4 Bf5 5. Ng3 Bg6 6. Nf3 Nd7 7. h4 h6 8. h5 Bh7 9. Bd3 Bxd3 10. Qxd3 Ngf6 11. Bf4 Nd5 12. Bd2 e6 13. c4 Nb4 14. Qb3 a5 15. 0-0 a4 16. Qc3 Be7 17. a3 Na6 18. d5 Bf6 19. Qc2 cxd5 20. cxd5 Nac5 21. Bb4 b6 22. dxe6 Nxe6 23. Nf5 Ndc5 24. Rad1 Qc7 25. Nd6+ Kf8 26. Rfe1 Kg8 27. Ne5 Rf8 28. Qf5 Bxe5 29. Rxe5 Rd8 30. Red5 Rd7 31. Bxc5 bxc5 32. Ne4 Rxd5 33. Rxd5 c4 34. Nc5 1-0

[Event "SVK-chT1W 1617"]
[Site "Slovakia"]
[Date "2016.11.19"]
[Round "3.5"]
[White "Podoba, Milan"]
[Black "Hacik, Radomir"]
[Result "0-1"]
[WhiteElo "2025"]
[BlackElo "2174"]
[PlyCount "80"]
[EventDate "2016.10.15"]
[EventType "team-tourn"]
[EventRounds "11"]
[EventCountry "SVK"]
[SourceTitle "EXT 2018"]
[Source "ChessBase"]
[SourceDate "2017.10.13"]
[SourceVersion "1"]
[SourceVersionDate "2017.10.13"]
[SourceQuality "1"]
[WhiteTeam "Dubnica nad Vahom II"]
[BlackTeam "Bratislava Slovan III"]
[WhiteTeamCountry "SVK"]
[BlackTeamCountry "SVK"]

1. e4 d6 2. d4 Nf6 3. Nc3 g6 4. f4 Bg7 5. Bd3 0-0 6. Nf3 Nc6 7. 0-0 e5 8. fxe5 dxe5 9. d5 Nd4 10. Be3 Ng4 11. Bd2 Qe7 12. h3 Nxf3+ 13. Qxf3 Nh6 14. Qg3 f6 15. a3 Bd7 16. Ne2 Nf7 17. c4 c5 18. b4 b6 19. Qf2 f5 20. bxc5 bxc5 21. Rab1 fxe4 22. Bxe4 Nd6 23. Qxc5 Rfc8 24. Qe3 Nxe4 25. Qxe4 Bf5 26. Rxf5 gxf5 27. Qxf5 Rxc4 28. Bb4 Qf7 29. Qd3 Rac8 30. Ng3 e4 31. Nxe4 Bd4+ 32. Kh2 Qf4+ 33. Qg3+ Qxg3+ 34. Kxg3 Be5+ 35. Kf3 Rd4 36. d6 Rf8+ 37. Ke3 Re8 38. d7 Rxd7 39. Rb3 Bd4+ 40. Kd3 Bb6+ 0-1

[Event "SVK-chT1W 1617"]
[Site "Slovakia"]
[Date "2016.10.16"]
[Round "2.5"]
[White "Hlavina, Lubomir"]
[Black "Hacik, Radomir"]
[Result "1/2-1/2"]
[WhiteElo "1993"]
[BlackElo "2174"]
[PlyCount "83"]
[EventDate "2016.10.15"]
[EventType "team-tourn"]
[EventRounds "11"]
[EventCountry "SVK"]
[SourceTitle "CBM 175 Extra"]
[Source "ChessBase"]
[SourceDate "2016.12.12"]
[SourceVersion "1"]
[SourceVersionDate "2016.12.12"]
[SourceQuality "1"]
[WhiteTeam "Nitra ASK"]
[BlackTeam "Bratislava Slovan III"]
[WhiteTeamCountry "SVK"]
[BlackTeamCountry "SVK"]

1. e4 d6 2. d4 Nf6 3. Nc3 g6 4. Be3 Bg7 5. Nf3 c6 6. a4 0-0 7. Bd3 a5 8. Ne2 Na6 9. c3 Qc7 10. 0-0 Rd8 11. Ng3 e5 12. b3 Re8 13. Qc2 exd4 14. Bxd4 c5 15. Bxf6 Bxf6 16. Bc4 Be6 17. Qe2 Rad8 18. Rad1 Qc6 19. Rd2 Nc7 20. Rfd1 h5 21. h4 Kg7 22. Kh2 Bxc4 23. Qxc4 Ne6 24. Ne2 Qc7 25. Rd5 Qe7 26. e5 dxe5 27. g3 Rxd5 28. Rxd5 Rd8 29. Nc1 Rxd5 30. Qxd5 Nd8 31. Qe4 Nc6 32. Nd2 Qd6 33. Nd3 Kf8 34. Nc4 Qc7 35. Nxc5 Be7 36. Qd5 Bxc5 37. Qxc5+ Qe7 38. Qd5 Qc7 39. Qd6+ Qxd6 40. Nxd6 Nd8 41. Nc4 Nc6 42. Nd6 1/2-1/2

[Event "SVK-chT1W 1415"]
[Site "Slovakia"]
[Date "2015.01.11"]
[Round "6.4"]
[White "Hacik, Radomir"]
[Black "Danada, Tomas"]
[Result "1/2-1/2"]
[WhiteElo "2143"]
[BlackElo "2118"]
[PlyCount "40"]
[EventDate "2014.10.18"]
[EventType "team-tourn"]
[EventRounds "11"]
[EventCountry "SVK"]
[SourceTitle "EXT 2016"]
[Source "ChessBase"]
[SourceDate "2015.10.08"]
[SourceVersion "1"]
[SourceVersionDate "2015.10.08"]
[SourceQuality "1"]
[WhiteTeam "Bratislava Slovan III"]
[BlackTeam "Osuske"]
[WhiteTeamCountry "SVK"]
[BlackTeamCountry "SVK"]

1. e4 g6 2. g3 Bg7 3. Bg2 c5 4. c4 Nc6 5. Ne2 Nf6 6. 0-0 0-0 7. Nbc3 d6 8. d3 Ne8 9. h3 Nc7 10. Rb1 Rb8 11. Be3 b5 12. b3 b4 13. Nd5 e6 14. Nxc7 Qxc7 15. d4 Nxd4 16. Nxd4 cxd4 17. Bxd4 Bxd4 18. Qxd4 e5 19. Qd2 Be6 20. Rbd1 Rb6 1/2-1/2

[Event "SVK-chT 1415"]
[Site "Slovakia"]
[Date "2014.11.23"]
[Round "4.6"]
[White "Hacik, Radomir"]
[Black "Jurcik, Martin"]
[Result "1/2-1/2"]
[WhiteElo "2143"]
[BlackElo "2369"]
[PlyCount "48"]
[EventDate "2014.10.25"]
[EventType "team-tourn"]
[EventRounds "11"]
[EventCountry "SVK"]
[SourceTitle "CBM 163 Extra"]
[Source "ChessBase"]
[SourceDate "2014.12.23"]
[SourceVersion "1"]
[SourceVersionDate "2014.12.23"]
[SourceQuality "1"]
[WhiteTeam "Bratislava Slovan II"]
[BlackTeam "Stara Lubovna"]
[WhiteTeamCountry "SVK"]
[BlackTeamCountry "SVK"]

1. e4 c5 2. Nf3 e6 3. d4 cxd4 4. Nxd4 a6 5. c4 Nf6 6. Nc3 Bb4 7. Bd3 Nc6 8. Nxc6 dxc6 9. 0-0 e5 10. h3 Bc5 11. Rb1 Qe7 12. Qc2 0-0 13. a3 a5 14. Na4 Bd4 15. c5 Be6 16. Bg5 Ba2 17. Rbc1 Qe6 18. Nb6 Bb3 19. Qe2 Rad8 20. Bc4 Bxc4 21. Nxc4 Ra8 22. Bxf6 Qxf6 23. Nb6 Rad8 24. Rc2 Qe7 1/2-1/2

[Event "SVK-chT 1314"]
[Site "Slovakia"]
[Date "2014.03.30"]
[Round "11.6"]
[White "Hacik, Radomir"]
[Black "Najgebauer, Szemjon"]
[Result "0-1"]
[WhiteElo "2200"]
[BlackElo "2205"]
[PlyCount "56"]
[EventDate "2013.11.09"]
[EventType "team-tourn"]
[EventRounds "11"]
[EventCountry "SVK"]
[SourceTitle "EXT 2015"]
[Source "ChessBase"]
[SourceDate "2014.11.20"]
[SourceVersion "1"]
[SourceVersionDate "2014.11.20"]
[SourceQuality "1"]
[WhiteTeam "Bratislava Slovan II"]
[BlackTeam "Kosice Slavia UPJS"]
[WhiteTeamCountry "SVK"]
[BlackTeamCountry "SVK"]

1. e4 c5 2. Nf3 Nc6 3. d4 cxd4 4. Nxd4 Nf6 5. Nc3 e5 6. Ndb5 d6 7. Nd5 Nxd5 8. exd5 Nb8 9. Be3 a6 10. Na3 Nd7 11. Qd2 Be7 12. Nc4 0-0 13. Be2 f5 14. f4 exf4 15. Bxf4 Nc5 16. Bf3 a5 17. a4 b6 18. b4 axb4 19. Qxb4 b5 20. Nb2 Bf6 21. 0-0 bxa4 22. Rfb1 Ba6 23. Nxa4 Bxa1 24. Rxa1 Qf6 25. Ra3 Rab8 26. Qc3 Rb1+ 27. Kf2 Rf1+ 28. Kg3 Ne4+ 0-1

[Event "SVK-chT 1314"]
[Site "Slovakia"]
[Date "2014.03.28"]
[Round "9.5"]
[White "Zetocha, Claudiu"]
[Black "Hacik, Radomir"]
[Result "1/2-1/2"]
[WhiteElo "2363"]
[BlackElo "2200"]
[PlyCount "26"]
[EventDate "2013.11.09"]
[EventType "team-tourn"]
[EventRounds "11"]
[EventCountry "SVK"]
[SourceTitle "EXT 2015"]
[Source "ChessBase"]
[SourceDate "2014.11.20"]
[SourceVersion "1"]
[SourceVersionDate "2014.11.20"]
[SourceQuality "1"]
[WhiteTeam "Bratislava Slovan"]
[BlackTeam "Bratislava Slovan II"]
[WhiteTeamCountry "SVK"]
[BlackTeamCountry "SVK"]

1. e4 c6 2. d3 d5 3. Nd2 g6 4. Ngf3 Bg7 5. g3 Nf6 6. Bg2 0-0 7. 0-0 Na6 8. Re1 Nc5 9. Qe2 h6 10. exd5 cxd5 11. Qxe7 Qxe7 12. Rxe7 Ne6 13. Nb3 Ne8 1/2-1/2

[Event "SVK-chT1W 1314"]
[Site "Slovakia"]
[Date "2014.03.22"]
[Round "10.6"]
[White "Hacik, Radomir"]
[Black "Valovic, Stefan"]
[Result "1-0"]
[WhiteElo "2209"]
[BlackElo "1987"]
[PlyCount "123"]
[EventDate "2013.10.12"]
[EventType "team-tourn"]
[EventRounds "11"]
[EventCountry "SVK"]
[SourceTitle "EXT 2015"]
[Source "ChessBase"]
[SourceDate "2014.11.20"]
[SourceVersion "1"]
[SourceVersionDate "2014.11.20"]
[SourceQuality "1"]
[WhiteTeam "Bratislava Slovan III"]
[BlackTeam "Nitra"]
[WhiteTeamCountry "SVK"]
[BlackTeamCountry "SVK"]

1. e4 c6 2. d4 d5 3. Nc3 dxe4 4. Nxe4 Nd7 5. Qe2 Qc7 6. Nf3 Ngf6 7. Bg5 Nxe4 8. Qxe4 Nf6 9. Bxf6 gxf6 10. Bc4 Qa5+ 11. c3 Bf5 12. Qf4 Bg6 13. 0-0 Rc8 14. Rfe1 Qf5 15. Qe3 Rc7 16. Nh4 Qg5 17. Qh3 Kd8 18. Re3 f5 19. Nf3 Qg4 20. Ne5 Qxh3 21. Rxh3 Ke8 22. Re1 Bg7 23. f4 e6 24. Bb3 Ke7 25. Rhe3 Rd8 26. h3 c5 27. d5 Bxe5 28. Rxe5 c4 29. Bc2 Rc5 30. d6+ Kxd6 31. Rd1+ Rd5 32. Rdxd5+ exd5 33. Bxf5 Bxf5 34. Rxf5 Ke6 35. Re5+ Kd6 36. Kf2 f6 37. Rh5 Rd7 38. g4 Re7 39. Rh6 Ke6 40. Ke3 b6 41. Kd4 Rf7 42. f5+ Ke7 43. Kxd5 b5 44. h4 Kd7 45. Ke4 a5 46. g5 fxg5 47. hxg5 b4 48. Ra6 Re7+ 49. Kd4 Re2 50. Rxa5 Rxb2 51. Kxc4 bxc3 52. Kxc3 Rg2 53. Ra7+ Ke8 54. Rg7 Rxa2 55. Rxh7 Ra3+ 56. Kd4 Ra4+ 57. Ke5 Ra5+ 58. Kf6 Ra6+ 59. Kg7 Ra7+ 60. Kg6 Ra1 61. f6 Rf1 62. Rh8+ 1-0

[Event "SVK-chT 1314"]
[Site "Slovakia"]
[Date "2014.03.09"]
[Round "8.6"]
[White "Cech, Pavel"]
[Black "Hacik, Radomir"]
[Result "1-0"]
[WhiteElo "2387"]
[BlackElo "2200"]
[PlyCount "79"]
[EventDate "2013.11.09"]
[EventType "team-tourn"]
[EventRounds "11"]
[EventCountry "SVK"]
[SourceTitle "EXT 2015"]
[Source "ChessBase"]
[SourceDate "2014.11.20"]
[SourceVersion "1"]
[SourceVersionDate "2014.11.20"]
[SourceQuality "1"]
[WhiteTeam "Liptovsky Mikulas"]
[BlackTeam "Bratislava Slovan II"]
[WhiteTeamCountry "SVK"]
[BlackTeamCountry "SVK"]

1. d4 Nf6 2. Bg5 Ne4 3. Bf4 d5 4. e3 Nc6 5. Bd3 f5 6. Nf3 g6 7. c4 e6 8. Nc3 Nxc3 9. bxc3 Bg7 10. Rb1 0-0 11. h4 h5 12. Rh3 Bf6 13. Rg3 Kh7 14. Bg5 b6 15. cxd5 exd5 16. Bb5 Ne7 17. Bxf6 Rxf6 18. Ne5 a6 19. Bd3 Be6 20. Qf3 Qd6 21. Qf4 b5 22. Qg5 Raf8 23. Kf1 c5 24. Kg1 c4 25. Bc2 Qa3 26. Rf1 Qxa2 27. Bd1 f4 28. exf4 Qb1 29. Bg4 Qc2 30. Bxh5 Qf5 31. Bg4 Qxf4 32. Qxf4 Rxf4 33. Bxe6 Rxh4 34. Bf7 a5 35. Bxg6+ Kh6 36. Ra1 b4 37. Rxa5 bxc3 38. Ra7 c2 39. Bxc2 Nf5 40. Rg6+ 1-0

[Event "SVK-chT1W 1314"]
[Site "Slovakia"]
[Date "2013.11.17"]
[Round "4.6"]
[White "Hacik, Radomir"]
[Black "Jablonicky, Frantisek"]
[Result "1/2-1/2"]
[WhiteElo "2209"]
[BlackElo "2146"]
[PlyCount "68"]
[EventDate "2013.10.12"]
[EventType "team-tourn"]
[EventRounds "11"]
[EventCountry "SVK"]
[SourceTitle "EXT 2015"]
[Source "ChessBase"]
[SourceDate "2014.11.20"]
[SourceVersion "1"]
[SourceVersionDate "2014.11.20"]
[SourceQuality "1"]
[WhiteTeam "Bratislava Slovan III"]
[BlackTeam "Osuske"]
[WhiteTeamCountry "SVK"]
[BlackTeamCountry "SVK"]

1. e4 c6 2. d4 d5 3. Nc3 dxe4 4. Nxe4 Nf6 5. Nxf6+ gxf6 6. Nf3 Bg4 7. Be2 e6 8. Be3 Bd6 9. h3 Bh5 10. a3 Qc7 11. Qd2 Nd7 12. Ne5 Bxe2 13. Nxd7 Kxd7 14. Qxe2 Qa5+ 15. Bd2 Qd5 16. 0-0-0 Qxg2 17. c4 Rhg8 18. Rdg1 Qxg1+ 19. Rxg1 Rxg1+ 20. Kc2 Rg6 21. Qh5 h6 22. d5 cxd5 23. cxd5 Rc8+ 24. Kb3 e5 25. Bxh6 Rc5 26. Be3 Rxd5 27. Bxa7 Ke6 28. Qh8 Be7 29. Qc8+ Rd7 30. Qc4+ Rd5 31. Bb8 Bc5 32. f4 Rg3+ 33. Kc2 Rg2+ 34. Kc3 Rg3+ 1/2-1/2

[Event "SVK-chT1W 1314"]
[Site "Slovakia"]
[Date "2013.11.16"]
[Round "3.7"]
[White "Hacik, Radomir"]
[Black "Liptak, Dusan"]
[Result "1/2-1/2"]
[WhiteElo "2209"]
[BlackElo "2108"]
[PlyCount "80"]
[EventDate "2013.10.12"]
[EventType "team-tourn"]
[EventRounds "11"]
[EventCountry "SVK"]
[SourceTitle "EXT 2015"]
[Source "ChessBase"]
[SourceDate "2014.11.20"]
[SourceVersion "1"]
[SourceVersionDate "2014.11.20"]
[SourceQuality "1"]
[WhiteTeam "Bratislava Slovan III"]
[BlackTeam "Trnava Lokomotiva"]
[WhiteTeamCountry "SVK"]
[BlackTeamCountry "SVK"]

1. e4 d6 2. d4 Nf6 3. Nc3 Nbd7 4. Nf3 e5 5. Bg5 c6 6. Bc4 b5 7. Bb3 Be7 8. Bxf6 Bxf6 9. d5 b4 10. dxc6 bxc3 11. cxd7+ Bxd7 12. bxc3 Qc7 13. 0-0 0-0 14. Qd3 Rab8 15. Rad1 Rb6 16. Nd2 Rc8 17. Rfe1 Bg5 18. Nf3 Bf6 19. h3 Bb5 20. Qd5 Bc4 21. Qa5 Ra6 22. Qxc7 Rxc7 23. Re3 Kf8 24. Nd2 Be6 25. Rd3 Ke7 26. Nf1 Bg5 27. Ne3 Bxe3 28. Rxe3 Bc4 29. g3 Rac6 30. Rb1 Ba6 31. Bd5 Rxc3 32. Rxc3 Rxc3 33. Rb4 Rc7 34. c4 Bc8 35. h4 f5 36. f3 fxe4 37. Bxe4 Be6 38. Bd3 h6 39. Kf2 d5 40. cxd5 Bxd5 1/2-1/2

[Event "Tatry op"]
[Site "Tatranske Zruby"]
[Date "2013.10.04"]
[Round "7"]
[White "Sturc, Jan"]
[Black "Hacik, Radomir"]
[Result "0-1"]
[WhiteElo "1981"]
[BlackElo "2209"]
[PlyCount "64"]
[EventDate "2013.09.29"]
[EventType "swiss"]
[EventRounds "9"]
[EventCountry "SVK"]
[SourceTitle "CBM 156 Extra"]
[Source "ChessBase"]
[SourceDate "2013.10.22"]
[SourceVersion "1"]
[SourceVersionDate "2013.10.22"]
[SourceQuality "1"]

1. d4 d5 2. Nf3 Bf5 3. c4 c6 4. Nc3 Nf6 5. e3 e6 6. cxd5 exd5 7. Bd3 Bg6 8. Ne5 Nbd7 9. Nxg6 hxg6 10. 0-0 Bd6 11. h3 Qc7 12. e4 dxe4 13. Nxe4 Bh2+ 14. Kh1 Bf4 15. Nxf6+ Nxf6 16. Re1+ Kf8 17. Qf3 g5 18. Kg1 Rd8 19. Be3 Nd5 20. Bc4 Rh6 21. Bxd5 Rxd5 22. g3 Bxe3 23. Qxe3 Re6 24. Qa3+ Qe7 25. Qc3 Kg8 26. Rxe6 Qxe6 27. Re1 Qxh3 28. Re8+ Kh7 29. Qb4 Qd7 30. Qf8 Rxd4 31. Re1 Rd1 32. Kf1 Qd3+ 0-1